| 000 | 01195cam a2200337 a 4500 | ||
|---|---|---|---|
| 001 | 15860373 | ||
| 003 | SISC | ||
| 005 | 20170126105547.0 | ||
| 008 | 090808q20111998njua b 000 0 eng | ||
| 010 | _a 2009032859 | ||
| 020 | _a9780136109594 (pbk.) | ||
| 020 | _a0136109594 (pbk.) | ||
| 020 | _a9780273779735 | ||
| 020 | _a0132294389 | ||
| 035 | _a(OCoLC)ocn430192668 | ||
| 040 |
_aDLC _cDLC _dYDX _dYDXCP _dCDX _dBWX _dDLC |
||
| 050 | 0 | 0 |
_aHD 62.7 _b.Sc285 2013 |
| 082 | 0 | 0 | _a658.02/2 |
| 100 | 1 | _aScarborough, Norman M. | |
| 245 | 1 | 0 |
_aEssentials of entrepreneurship and small business management / _cNorman M. Scarborough. |
| 250 | _a6th edition. | ||
| 260 |
_aBoston : _bPearson, _c2013. |
||
| 300 |
_axvii, 648 pages : _billustrations ; _c28 cm. |
||
| 500 | _aIncludes bibliographical references and indexes. | ||
| 650 | 0 |
_aSmall business _xManagement. |
|
| 650 | 0 |
_aNew business enterprises _xManagement. |
|
| 650 | 0 | _aEntrepreneurship. | |
| 906 |
_a7 _bcbc _corignew _d1 _eecip _f20 _gy-gencatlg |
||
| 942 |
_2lcc _cBK _kLOC |
||
| 999 |
_c284521 _d284521 |
||